Primary schooling and economic development : a review of the evidence

Αποθηκεύτηκε σε:
Λεπτομέρειες βιβλιογραφικής εγγραφής
Κύριος συγγραφέας: Colclough, Christopher
Μορφή: Βιβλίο
Γλώσσα:English
Δημοσίευση: Washington, D.G. : The World Bank, 1980
Σειρά:World Bank staff working paper ; ; 399
Θέματα:
Ετικέτες: Προσθήκη ετικέτας
Δεν υπάρχουν, Καταχωρήστε ετικέτα πρώτοι!

MARC

LEADER 00000nam a2200000 i 4500
001 1/23108
008 960715s1980 eng d
020 |a 0-8213-9304-9 
035 |a 1987  |c Αγορά  |l 10036754 
040 |a GR-MY-UA  |b gre  |e aacr 
041 0 |a eng 
082 0 |a 372.011 
100 1 |a Colclough, Christopher. 
245 1 0 |a Primary schooling and economic development :  |b a review of the evidence /  |c Christopher Colclouge 
260 |a Washington, D.G. :   |b The World Bank,   |c 1980 
300 |a 31 p. 
490 1 |a World Bank staff working paper  |v ; 399 
650 0 0 |a Economic development  |x Effect of education on. 
650 0 0 |a Education, Elementary. 
830 0 |a World Bank staff working paper ;  |v ; 399 
852 |a INST  |b RHODES  |e 19960715  |h 372.011 COL  |p 005400002623  |q 005400002623  |t BK  |y 0 
909 |a Ρ  |b 007208  |c 1987